| 000 | 00572nam a22001937a 4500 | ||
|---|---|---|---|
| 005 | 20140409110909.0 | ||
| 010 | _aENG-109607 | ||
| 020 |
_c200.00 _a9788189941314 |
||
| 035 | _aEN-93140 | ||
| 037 | _bDBAD/PUB | ||
| 082 | _a639.8 | ||
| 100 | _aArumugam, N. | ||
| 245 |
_aAquaculture / _cby N. Arumugam |
||
| 260 |
_bSaras Publication _c2010 _aNagercoil |
||
| 270 |
_bNagercoil _e629002 _a114/35G, A. R. P. Camp Road, Periavilai, Kottar P. O., |
||
| 300 |
_axviii,454p. _c22cm(pbk) |
||
| 500 | _aIncludes index | ||
| 942 |
_2ddc _cEN _mARU _h639.8 |
||
| 999 |
_c83146 _d83146 |
||